| 000 | 00434cam a2200181ua 4500 | ||
|---|---|---|---|
| 020 | _c3.50 | ||
| 041 |
_ahin _h |
||
| 082 |
_a891.54 _bRAM/KO |
||
| 100 | _aRamdhari Singh, Dinakar. | ||
| 245 |
_aKoyala aur kavitha / _cRamdhari sinh dhinakar. _hTextual Documents |
||
| 250 |
_a1 / _b. |
||
| 260 |
_aPatna : _bUdayanchal , _c1964. |
||
| 300 | _a85 ; . | ||
| 365 | _a3.50 | ||
| 504 | _a | ||
| 942 | _cBK | ||
| 999 |
_c8304 _d8304 |
||